000
00309nam a2200145Ia 4500
100
_a
Marcovitz/Alan B
942
_c
BK
654
_a
logic design
245
_a
Introduction to Logic Design
260
_b
McGraw - Hill
_c
2002
082
_a
621.395
_b
MAR
300
_a
572
546
_a
ENGLISH
999
_c
34872
_d
34872